00474nam a2200133Ia 4500008004100000245011400041260004900155260000900204300001000213500001000223650001600233999001900249952007200268170224s9999 xx 000 0 und d aSeeking structure in social organization: Compensatory control and the psychological advantages of hierarchy. bJournal of Personality and Social Psychology c2014 a106:4 aApril xPsychology. c316675d316675 001040aCLbCLd2017-02-24l0r2017-02-24 00:00:00w2017-02-24ySE